01367nam a2200337Ia 4500001001200000003000800012006001900020007001500039008004100054010001700095020001500112040002100127035002000148050002800168082001600196245014900212260004200361300002300403490005000426504005100476533015200527650003300679650004300712650001900755655002900774700001700803710001700820830004900837856012600886999001701012ebr10137786CaPaEBRm u cr cn|||||||||060414s2006 dcua sb i001 0 eng d z 2006041849 z0821365029 aCaPaEBRcCaPaEBR a(OCoLC)7285086414aHD9506.A2bM5454 2006eb04a338.2/322200aMining royaltiesh[electronic resource] :ba global study of their impact on investors, government, and civil society /cJames Otto ...[et al.]. aWashington, DC :bWorld Bank,cc2006. axx, 296 p. :bill.1 aDirections in development : energy and mining aIncludes bibliographical references and index. aElectronic reproduction.bPalo Alto, Calif. :cebrary,d2009.nAvailable via World Wide Web.nAccess may be limited to ebrary affiliated libraries. 0aMineral industriesxFinance. 0aMines and mineral resourcesxTaxation. 0aMining leases. 7aElectronic books.2local1 aOtto, James.2 aebrary, Inc. 0aDirections in development (Washington, D.C.)40uhttp://site.ebrary.com/lib/rucke/Doc?id=10137786zAn electronic book accessible through the World Wide Web; click to view c83523d83523